Fragola e cioccolato
Salvato in:
| Autore principale: | |
|---|---|
| Natura: | Libro |
| Lingua: | lingua imprecisata |
| Pubblicazione: |
Firenze
Giunti
1994
|
| Tags: |
Nessun Tag, puoi essere il primo ad aggiungerne!!
|
MARC
| LEADER | 00000nam a2200000Ia 4500 | ||
|---|---|---|---|
| 001 | 113 | ||
| 003 | NUMERAZIONE-ORIGINALE-BRESCIA | ||
| 005 | 20260206230748.0 | ||
| 008 | 260206s9999 xx 000 0 und d | ||
| 100 | |a Paz Senel | ||
| 245 | 0 | |a Fragola e cioccolato | |
| 260 | |a Firenze | ||
| 260 | |b Giunti | ||
| 260 | |c 1994 | ||
| 500 | |a Narrotori Giunti | ||
| 942 | |2 ddc |c BK |n 0 | ||
| 952 | |0 0 |1 0 |2 ddc |4 0 |6 26 |7 0 |9 28301 |a BS |b BS |d 2026-02-06 |i 113 |l 0 |o 2-6-* |r 2026-02-06 22:40:32 |w 2026-02-06 |x [REVISIONARE] |y BK | ||
| 999 | |c 23995 |d 23995 | ||